000 00365nam a22001577a 4500
020 _a978-81-7800-171-3
041 _aENG
100 _aManoharachary .C
245 _aPrinciples of Environmental studies
250 _asecond
260 _aHyderabad
_bBS Publications
_c2019
300 _a301
650 _aEOES
700 _aReddy .P. Jayarama
856 _uEOES
999 _c124
_d124